000 00867nas a2200289 4500
001 BR0604237
003 BR-BrBNA
005 20231205110345.0
007 ta
008 230509b bl.|||p| |||| 00| 00por d
040 _aBR-BrBNA
_bpor
_cBiblioteca Nacional de Agricultura
041 _a(Pt)
072 _aP35
100 1 _aDynia, J.F.
100 1 _aSouza, M.D. de
100 1 _aBoeira, R.C.
245 1 _aLixiviação de nitrato em latossolo cultivado com milho após aplicações sucessivas de lodo de esgoto
650 _aMILHO
650 _aLATOSSOLO
650 _aLIXIVIAÇÃO
650 _aNITRATO
650 _aLODO RESIDUAL
650 _aCONTAMINAÇÃO
773 0 _tPesquisa Agropecuária Brasileira (Brazil)
_xISSN 0100-204X
_g(May 2006), v. 41(5) p. 855-862
_wBR0604237
909 _a202311
_bLúcia
_c55
_dLúcia Elande
942 _2AGRIS
_n0
_cANA
999 _c187092
_d187092